Nehemiah: (Record no. 3461)

000 -LEADER
fixed length control field 00680nam a2200205 a 4500
001 - CONTROL NUMBER
control field :::00001192$&:&@@
003 - CONTROL NUMBER IDENTIFIER
control field OkBaRHE
005 - DATE AND TIME OF LATEST TRANSACTION
control field 20000607103242.0
008 - FIXED-LENGTH DATA ELEMENTS--GENERAL INFORMATION
fixed length control field s1983 j 000 0 eng u
040 ## - CATALOGING SOURCE
Transcribing agency
100 1# - MAIN ENTRY--PERSONAL NAME
Personal name Ross, Neil M.
245 10 - TITLE STATEMENT
Title Nehemiah:
Remainder of title builder for God.
260 ## - PUBLICATION, DISTRIBUTION, ETC. (IMPRINT)
Place of publication, distribution, etc Ross-shire, UK:ST., :
Name of publisher, distributor, etc Christian Focus Publications
Date of publication, distribution, etc c1983
300 ## - PHYSICAL DESCRIPTION
Extent 31 p. : illus. ;
Dimensions 21 cm.
650 ## - SUBJECT ADDED ENTRY--TOPICAL TERM
Topical term or geographic name as entry element Bible Stories
650 ## - SUBJECT ADDED ENTRY--TOPICAL TERM
Topical term or geographic name as entry element Children's Stories
650 ## - SUBJECT ADDED ENTRY--TOPICAL TERM
Topical term or geographic name as entry element Nehemiah (Governor of Judah)
942 ## - ADDED ENTRY ELEMENTS (KOHA)
Source of classification or shelving scheme
Koha item type Books
Copies
Withdrawn status Lost status Price effective from Date last seen Shelving location Barcode Not for loan Current Location Permanent Location Full call number Source of classification or shelving scheme Koha item type Damaged status Copy number Total Checkouts Date acquired Date checked out
  2010-04-142018-02-20General Stacks1192 RHEMA Bible Training CollegeRHEMA Bible Training CollegeBS 551.2 .R6N4 Books 112010-04-142010-05-05